0905 mesačník pre zákazníkov Globtel GSM

Bibliographic Details
Other Authors: Hudecová, Beata (Publishing director)
Format: Journal
Language:Slovak
PhysicalDescription:5 zv. 35 cm
Published: Bratislava Globtel GSM 1998-2002
Subjects:

MARC

LEADER 00000cas a2200000 a 4500
001 vtls008880712
003 SK-MaSNL
005 20260228161417.0
008 000527d19982002xo br p 0 0 b0slo
035 |a (SVKBB03)vtls000046817 
040 |a SVKBB  |b slo  |c SVKBB  |d SNK  |e AACR2 
041 0 |a slo 
044 |a xo  |c SK 
072 7 |a 621.39  |x Oznamovacia technika  |2 konspekt 
080 |a 621.395.721.5  |2 2011 
245 0 0 |a 0905  |b mesačník pre zákazníkov Globtel GSM 
246 1 3 |a Nula deväť nula päť 
260 |a Bratislava  |b Globtel GSM  |c 1998-2002 
300 |a 5 zv.  |c 35 cm 
310 |a 1x za 2 mesiace 
650 0 7 |a mobilné telefóny  |2 SNKPH  |9 20365 
700 1 |a Hudecová, Beata  |4 pbd  |9 268574 
910 |a snk 
999 |c 5263  |d 7193 
952 |0 0  |1 0  |4 0  |7 0  |a SNK  |b SNK  |d 2014-06-02  |i snkČSP 1441/2004  |l 0  |o snkČSB 5246/3/2000 D1  |p 17A1349144  |r 2026-02-21 21:14:28  |t č. 1-12, neúpl.  |w 2026-02-21  |y PREZ  |z ch. č. 2, 10 
952 |0 0  |1 0  |4 0  |7 0  |a SNK  |b SNK  |d 2014-06-02  |i snkČSP 1440/2004  |l 0  |o snkČSB 5246/3/2000   |p 17A0896628  |r 2026-02-21 21:14:28  |t č. 1-12  |w 2026-02-21  |y PREZ  |z č. 10 je xerokópia